Az ifjúsági önkéntesség motivációi és a gyakorlat általi tanulás kapcsolata

Bibliographic Details
Main Author: Tolnai Eszter Rita
Other Authors: Petõ Lilla
Format: Thesis
Kulcsszavak:élethosszig tartó tanulás
ifjúság
Önkéntesség
tapasztalati tanulás
Z generáció
Online Access:http://dolgozattar.uni-bge.hu/59493

MARC

LEADER 00000nta a2200000 i 4500
001 dolg59493
005 20260409145135.0
008 260409suuuu hu om 000 hun d
040 |a BGE Dolgozattár Repozitórium  |b hun 
041 |a hu 
100 1 |a Tolnai Eszter Rita 
245 1 3 |a Az ifjúsági önkéntesség motivációi és a gyakorlat általi tanulás kapcsolata  |c Tolnai Eszter Rita  |h [elektronikus dokumentum] 
520 3 |a Szakdolgozatom fő témája az önkéntesség, illetve a fiatalok motivációja arra, hogy önkéntes tevékenységet végezzenek. Arra a kérdésre is kerestem a választ, hogy vajon mik azok a tényezők, ami miatt hosszabb ideig is önkéntes marad az önkéntes, illetve, hogy a hagyományos motivációk (másokon való segítés) vagy az új típusú önkéntes motivációk (tapasztalat, előrelépés) a jellemzőbbek a megkérdezetteim között. Ezeken felül árnyaltabbá teszem a témát a tapasztalat/gyakorlat általi tanulás összefonódását az önkéntességgel. Kérdőíves és interjús megkérdezéseim alapján rengeteg véleményt és álláspontot olvashatunk. 
695 |a élethosszig tartó tanulás 
695 |a ifjúság 
695 |a Önkéntesség 
695 |a tapasztalati tanulás 
695 |a Z generáció 
700 1 |a Petõ Lilla  |e ths 
856 4 0 |u http://dolgozattar.uni-bge.hu/59493/1/Tolnai%20Eszter%20Az%20ifj%C3%BAs%C3%A1gi%20%C3%B6nk%C3%A9ntess%C3%A9g%20motiv%C3%A1ci%C3%B3i%20%C3%A9s%20a%20gyakorlat%20%C3%A1ltali%20tanul%C3%A1s%20kapcsolata.pdf  |z Dokumentum-elérés 
856 4 0 |u http://dolgozattar.uni-bge.hu/59493/2/Tolnai%20Eszter_b%C3%ADr%C3%A1lat.pdf  |z Dokumentum-elérés 
856 4 0 |u http://dolgozattar.uni-bge.hu/59493/3/Tolnai%20Eszter.pdf  |z Dokumentum-elérés